书目信息 |
| 题名: |
普通教育改革
|
|
| 作者: | 肖敬若 , 武永兴 , 江山野 主编 | |
| 分册: | ||
| 出版信息: | 北京 人民教育出版社 1987 |
|
| 页数: | 277页 | |
| 开本: | 26cm | |
| 丛书名: | ||
| 单 册: | ||
| 中图分类: | G620 , G521 | |
| 科图分类: | ||
| 主题词: | 普通教育-教育改革 , 教育改革-普通教育 , 教育事业--世界 | |
| 电子资源: | ||
| ISBN: | 7-107-10027-0 | |
| 000 | 00789nam0 2200289 45 | |
| 001 | 0187001786 | |
| 005 | 20040424161458.9 | |
| 010 | @a7-107-10027-0@dCNY2.35 | |
| 100 | @a19900808d1987 emky0chiy0121 ea | |
| 101 | 0 | @achi |
| 102 | @aCN@b110000 | |
| 105 | @ay z 000yy | |
| 106 | @ar | |
| 200 | 10 | @a普通教育改革@Apu tong jiao yu gai ge@f肖敬若等主编 |
| 210 | @a北京@c人民教育出版社@d1987 | |
| 215 | @a277页@d26cm | |
| 606 | @a普通教育-教育改革 | |
| 606 | @a教育改革-普通教育 | |
| 606 | 0 | @a教育事业@x世界 |
| 690 | @aG620@v3 | |
| 690 | @aG521 | |
| 701 | 0 | @a肖敬若@Axiao jing ruo@4主编 |
| 701 | 0 | @a武永兴@Awu yong xing@4主编 |
| 701 | 0 | @a江山野@Ajiang shan ye@4主编 |
| 801 | 0 | @aCN@b深圳图书馆@c20040424 |
| 801 | 2 | @aCN@bNLC@c20040424 |
| 905 | @f1@b203176@dG521@e25 | |
| 普通教育改革/肖敬若等主编.-北京:人民教育出版社,1987 |
| 277页;26cm |
| ISBN 7-107-10027-0:CNY2.35 |
| ● |
| 相关链接 |
|
|
|
|
正题名:普通教育改革
索取号:G521/25
 
预约/预借
| 序号 | 登录号 | 条形码 | 馆藏地/架位号 | 状态 | 备注 |
| 1 | 0203176 | 000462859 | 密集书库/ [索取号:G521/25] | 在馆 | |
| 2 | 0203177 | 000462911 | 第一样本阅览室/ [索取号:G521/25] | 在馆 |